000 00331nam a2200133Ia 4500
008 150509s9999 xx 000 0 und d
082 _aREF 380.105 KOM
245 _aKompass
260 _aCrydon:
260 _bKompass Publishers Ltd
260 _c1973
300 _a2 volumes. :ill. ;31cm
650 _aTrade, directories of dealers
999 _c4342
_d4342